[Event "Nova Gorica op 22nd"]
[Site "Nova Gorica"]
[Date "2017.01.29"]
[Round "4"]
[White "Branovacki, Goran T"]
[Black "Siraj, Anej"]
[Result "1-0"]
[WhiteElo "1924"]
[BlackElo "1663"]
[PlyCount "67"]
[EventDate "2017.01.27"]
[EventType "swiss"]
[EventRounds "9"]
[EventCountry "SLO"]
[SourceTitle "CBM 176 Extra"]
[Source "ChessBase"]
[SourceDate "2017.03.02"]
[SourceVersion "1"]
[SourceVersionDate "2017.03.02"]
[SourceQuality "1"]

1. e4 c5 2. Nf3 d6 3. c3 Nf6 4. d3 g6 5. Bg5 Bg7 6. h3 0-0 7. Qd2 Nc6 8. Bh6 c4 9. Bxg7 Kxg7 10. Na3 cxd3 11. Bxd3 a6 12. Nc2 b5 13. Ne3 Bb7 14. Ng4 Ng8 15. 0-0 Rc8 16. Rad1 Qb6 17. Bb1 Na5 18. b3 h5 19. Ne3 Nf6 20. Nd5 Bxd5 21. exd5 Nb7 22. Nh4 Rg8 23. Rfe1 Qd8 24. Re3 Rc5 25. Rd3 Ne4 26. Qe3 Nf6 27. Rd4 Qc7 28. R4d3 Rh8 29. f4 Rc8 30. f5 Ng8 31. fxg6 f6 32. Qe6 Nd8 33. Nf5+ Kh8 34. Qe2 1-0

[Event "Nova Gorica op 22nd"]
[Site "Nova Gorica"]
[Date "2017.01.29"]
[Round "5"]
[White "Srebrnic, Vojko"]
[Black "Branovacki, Goran T"]
[Result "1-0"]
[WhiteElo "2088"]
[BlackElo "1924"]
[PlyCount "107"]
[EventDate "2017.01.27"]
[EventType "swiss"]
[EventRounds "9"]
[EventCountry "SLO"]
[SourceTitle "CBM 176 Extra"]
[Source "ChessBase"]
[SourceDate "2017.03.02"]
[SourceVersion "1"]
[SourceVersionDate "2017.03.02"]
[SourceQuality "1"]

1. Nf3 Nf6 2. c4 d6 3. Nc3 c5 4. g3 g6 5. Bg2 Bg7 6. 0-0 0-0 7. a3 Nc6 8. Rb1 a5 9. d3 Bd7 10. Bg5 Re8 11. Ne1 Rb8 12. Nc2 Qc8 13. Qd2 Bh3 14. b4 Bxg2 15. Kxg2 axb4 16. axb4 b6 17. Rb3 Qd7 18. Rfb1 d5 19. cxd5 Nxd5 20. Nxd5 Qxd5+ 21. e4 Qd7 22. bxc5 bxc5 23. Rxb8 Nxb8 24. Be3 Qc6 25. Qa5 Nd7 26. Qb5 Qd6 27. Qc4 Ne5 28. Qb5 Nd7 29. Bxc5 Qc7 30. Be3 Rd8 31. Ne1 Qd6 32. Rc1 Nf6 33. Qc6 h5 34. Qxd6 exd6 35. Bg5 Ra8 36. Rc6 Ng4 37. h3 Ne5 38. Rxd6 Ra2 39. Nf3 Nxf3 40. Kxf3 Be5 41. Rd5 Bc3 42. Be3 Kf8 43. Rd7 Ke8 44. Ra7 Rb2 45. Rc7 Be5 46. Rc4 Kd7 47. Bd4 Bxd4 48. Rxd4+ Ke6 49. h4 Ra2 50. Ke3 Ra1 51. Rb4 Ra3 52. Rb6+ Ke7 53. e5 Kd7 54. Ke4 1-0

[Event "Nova Gorica op-A 20th"]
[Site "Nova Gorica"]
[Date "2015.02.03"]
[Round "7"]
[White "Branovacki, Goran T"]
[Black "Grosar, Kiti"]
[Result "1-0"]
[WhiteElo "1905"]
[BlackElo "2111"]
[PlyCount "45"]
[EventDate "2015.01.30"]
[EventType "swiss"]
[EventRounds "9"]
[EventCountry "SLO"]
[SourceTitle "CBM 164 Extra"]
[Source "ChessBase"]
[SourceDate "2015.03.02"]
[SourceVersion "1"]
[SourceVersionDate "2015.03.02"]
[SourceQuality "1"]

1. e4 c5 2. c3 d6 3. d4 Nf6 4. Bd3 cxd4 5. cxd4 Nc6 6. Ne2 g6 7. h3 Bg7 8. Nbc3 0-0 9. Be3 a6 10. Qd2 Re8 11. 0-0 b5 12. a3 Bb7 13. f4 Na5 14. Qd1 Nc4 15. Bc1 Rc8 16. b3 Na5 17. Bd2 d5 18. e5 Ne4 19. Nxe4 dxe4 20. Bb1 Qd5 21. Bxa5 h6 22. Nc3 Qd7 23. Bxe4 1-0

[Event "Nova Gorica op-A 20th"]
[Site "Nova Gorica"]
[Date "2015.02.01"]
[Round "5"]
[White "Branovacki, Goran T"]
[Black "Kersic, Matej"]
[Result "1-0"]
[WhiteElo "1905"]
[BlackElo "2183"]
[PlyCount "143"]
[EventDate "2015.01.30"]
[EventType "swiss"]
[EventRounds "9"]
[EventCountry "SLO"]
[SourceTitle "CBM 164 Extra"]
[Source "ChessBase"]
[SourceDate "2015.03.02"]
[SourceVersion "1"]
[SourceVersionDate "2015.03.02"]
[SourceQuality "1"]

1. e4 c5 2. c3 d5 3. e5 Bf5 4. d4 e6 5. Nf3 Nd7 6. Be2 Ne7 7. Nh4 Bxb1 8. Rxb1 Nc6 9. Nf3 cxd4 10. cxd4 Bb4+ 11. Kf1 0-0 12. Bd3 f5 13. h3 Kh8 14. g4 g6 15. gxf5 gxf5 16. h4 Rg8 17. Ng5 Qe8 18. Be2 Qe7 19. Bh5 Raf8 20. a3 Ba5 21. Nf3 Rg4 22. Bg5 Qg7 23. Qc1 Rg8 24. Bh6 Qe7 25. Ng5 Nd8 26. Bxg4 fxg4 27. h5 Nf7 28. Nxf7+ Qxf7 29. Qf4 Qxf4 30. Bxf4 Bb6 31. Rd1 Nb8 32. h6 Nc6 33. Be3 Ne7 34. Rh5 Nf5 35. Bg5 Bd8 36. Bf6+ Bxf6 37. exf6 Rf8 38. Rc1 Kg8 39. f7+ Kxf7 40. Rc7+ Kg6 41. Rh2 Nxh6 42. Rxb7 Nf5 43. Rhxh7 a5 44. Ke1 Nxd4 45. Rbg7+ Kf6 46. Rxg4 Ke5 47. Rh5+ Nf5 48. Ra4 Rb8 49. b4 axb4 50. axb4 Rc8 51. b5 Rc1+ 52. Kd2 Rb1 53. Ra5 d4 54. Ra7 Ke4 55. Kc2 Rb4 56. Rh3 Nd6 57. Ra6 Ke5 58. b6 Rb5 59. Rh7 Nc4 60. b7 Rb2+ 61. Kc1 d3 62. Rd7 Ke4 63. Rxe6+ Kf5 64. Re8 d2+ 65. Kd1 Rb1+ 66. Kc2 Rc1+ 67. Kb3 Na5+ 68. Kb2 Nxb7 69. Rxd2 Rc7 70. Rd3 Nc5 71. Rf3+ Kg4 72. Ref8 1-0

[Event "Nova Gorica op-A 20th"]
[Site "Nova Gorica"]
[Date "2015.02.01"]
[Round "4"]
[White "Juretic, Lejla"]
[Black "Branovacki, Goran T"]
[Result "0-1"]
[WhiteElo "1690"]
[BlackElo "1905"]
[PlyCount "110"]
[EventDate "2015.01.30"]
[EventType "swiss"]
[EventRounds "9"]
[EventCountry "SLO"]
[SourceTitle "CBM 164 Extra"]
[Source "ChessBase"]
[SourceDate "2015.03.02"]
[SourceVersion "1"]
[SourceVersionDate "2015.03.02"]
[SourceQuality "1"]

1. d4 g6 2. Nf3 Nf6 3. Bf4 Bg7 4. e3 d6 5. Be2 0-0 6. h3 c5 7. c3 cxd4 8. exd4 Nc6 9. 0-0 Re8 10. Bh2 Qb6 11. Nbd2 d5 12. Nb3 Ne4 13. Re1 e5 14. Bd3 exd4 15. Bxe4 dxe4 16. Nfxd4 Nxd4 17. cxd4 Bd7 18. Nc5 Bc6 19. Bf4 Qxb2 20. Be3 b6 21. Re2 Qa3 22. Bc1 Qb4 23. Nb3 Bb5 24. Rb2 Ba4 25. Be3 Rad8 26. Rd2 Rc8 27. Rc1 Rxc1 28. Qxc1 Bxb3 29. axb3 Qxb3 30. Qc6 Qe6 31. d5 Qxc6 32. dxc6 Rc8 33. c7 Bf6 34. Bf4 Kg7 35. Ra2 a5 36. Ra4 h6 37. Rxe4 g5 38. Bg3 Kg6 39. Re3 a4 40. Ra3 b5 41. Kf1 Kf5 42. Ke2 Bb2 43. Ra2 a3 44. Kd3 Ke6 45. Kc2 f5 46. Rxb2 axb2 47. Kxb2 f4 48. Bh2 Rxc7 49. g3 f3 50. g4 Rc4 51. Kb3 Kd5 52. Bg3 Rc1 53. h4 Rg1 54. Bb8 gxh4 55. Kc2 h3 0-1

[Event "Nova Gorica op-A 20th"]
[Site "Nova Gorica"]
[Date "2015.01.30"]
[Round "1"]
[White "Branovacki, Goran T"]
[Black "Blagojevic, Dragisa"]
[Result "0-1"]
[WhiteElo "1905"]
[BlackElo "2520"]
[PlyCount "74"]
[EventDate "2015.01.30"]
[EventType "swiss"]
[EventRounds "9"]
[EventCountry "SLO"]
[SourceTitle "CBM 164 Extra"]
[Source "ChessBase"]
[SourceDate "2015.03.02"]
[SourceVersion "1"]
[SourceVersionDate "2015.03.02"]
[SourceQuality "1"]

1. e4 e5 2. Nf3 Nc6 3. Bb5 a6 4. Ba4 Nge7 5. 0-0 g6 6. c3 Bg7 7. d4 exd4 8. cxd4 b5 9. d5 bxa4 10. dxc6 Nxc6 11. Qxa4 0-0 12. Nc3 Rb8 13. Nd5 Ne7 14. Qc4 c6 15. Nc3 d5 16. exd5 cxd5 17. Qc5 d4 18. Ne2 Rb5 19. Qa3 Nc6 20. Ne1 Nb4 21. Bd2 Qb6 22. Bxb4 Rxb4 23. Nd3 Rb5 24. Ng3 Be6 25. b3 Rc8 26. Rac1 Rc3 27. Nf4 Bf8 28. Qb2 Bh6 29. Nfe2 Bxc1 30. Nxc1 Rc8 31. Nd3 Bf5 32. Nxf5 Rxf5 33. Rc1 Rxc1+ 34. Qxc1 Rd5 35. h3 Qa5 36. Qf4 Qxa2 37. Ne5 Qb1+ 0-1

[Event "Nova Gorica op-A 19th"]
[Site "Nova Gorica"]
[Date "2014.02.04"]
[Round "7"]
[White "Skok, Joze"]
[Black "Branovacki, Goran T"]
[Result "1-0"]
[WhiteElo "2027"]
[BlackElo "1928"]
[PlyCount "79"]
[EventDate "2014.01.31"]
[EventType "swiss"]
[EventRounds "9"]
[EventCountry "SLO"]
[SourceTitle "CBM 158 Extra"]
[Source "ChessBase"]
[SourceDate "2014.02.28"]
[SourceVersion "1"]
[SourceVersionDate "2014.02.28"]
[SourceQuality "1"]

1. e4 e5 2. Nf3 Nc6 3. Bb5 a6 4. Ba4 Nf6 5. d4 exd4 6. 0-0 b5 7. Bb3 d6 8. Bd5 Nxd5 9. exd5 Ne5 10. Nxd4 Be7 11. f4 Ng6 12. Nc6 Qd7 13. Qe2 0-0 14. f5 Ne5 15. Nxe7+ Qxe7 16. Nc3 f6 17. a3 Re8 18. b3 Bb7 19. Bf4 Qf7 20. Qd2 Re7 21. Rae1 Rae8 22. h3 Nd7 23. Re6 Ne5 24. Bxe5 dxe5 25. Ne4 Rd8 26. c4 c6 27. Qa5 Rc7 28. Nd6 Qd7 29. Nxb7 Rxb7 30. dxc6 Qd4+ 31. Kh1 Ra7 32. cxb5 axb5 33. Qxb5 Rc7 34. a4 h6 35. a5 e4 36. Re1 Qc3 37. R6xe4 Rxc6 38. R4e3 Qc2 39. Qe2 Qc5 40. Re8+ 1-0

[Event "Nova Gorica op-A 19th"]
[Site "Nova Gorica"]
[Date "2014.02.03"]
[Round "6"]
[White "Gratton, Damjan"]
[Black "Branovacki, Goran T"]
[Result "0-1"]
[WhiteElo "1742"]
[BlackElo "1928"]
[PlyCount "54"]
[EventDate "2014.01.31"]
[EventType "swiss"]
[EventRounds "9"]
[EventCountry "SLO"]
[SourceTitle "CBM 158 Extra"]
[Source "ChessBase"]
[SourceDate "2014.02.28"]
[SourceVersion "1"]
[SourceVersionDate "2014.02.28"]
[SourceQuality "1"]

1. e4 e5 2. Nf3 Nc6 3. Bb5 Nf6 4. 0-0 d6 5. Re1 a6 6. Ba4 Be7 7. c3 0-0 8. h3 b5 9. Bb3 Na5 10. Bc2 c5 11. d4 Qc7 12. Nbd2 Nc6 13. Nf1 cxd4 14. cxd4 exd4 15. Bf4 Bb7 16. Rc1 Qb6 17. Ng3 Rfd8 18. Nf5 Bf8 19. Bg5 Nd7 20. Bxd8 Rxd8 21. Ng5 h6 22. Nxf7 Kxf7 23. Nxh6+ gxh6 24. Qh5+ Kg8 25. Bb3+ Kh8 26. Qf7 Bg7 27. Rxc6 Bxc6 0-1

[Event "Nova Gorica op-A 19th"]
[Site "Nova Gorica"]
[Date "2014.02.01"]
[Round "2"]
[White "Branovacki, Goran T"]
[Black "Sambo, Pietro"]
[Result "1-0"]
[WhiteElo "1928"]
[BlackElo "1639"]
[PlyCount "53"]
[EventDate "2014.01.31"]
[EventType "swiss"]
[EventRounds "9"]
[EventCountry "SLO"]
[SourceTitle "CBM 158 Extra"]
[Source "ChessBase"]
[SourceDate "2014.02.28"]
[SourceVersion "1"]
[SourceVersionDate "2014.02.28"]
[SourceQuality "1"]

1. e4 c6 2. d4 d5 3. exd5 cxd5 4. Bd3 Nf6 5. Nf3 Bg4 6. c3 Nbd7 7. Nbd2 e6 8. Qa4 a6 9. 0-0 Bd6 10. a3 0-0 11. Re1 Qc7 12. h3 Bxf3 13. Nxf3 h6 14. Be3 Bf4 15. Qc2 Bxe3 16. Rxe3 Kh8 17. Rae1 Nh5 18. Qd2 Nf4 19. Bb1 Qc4 20. Ne5 Nxe5 21. Rxe5 g5 22. Qc2 Ng6 23. h4 gxh4 24. Rh5 Kg7 25. Rxe6 f5 26. Rxf5 Rae8 27. Rxg6+ 1-0

[Event "Nova Gorica op-A 19th"]
[Site "Nova Gorica"]
[Date "2014.02.01"]
[Round "3"]
[White "Bratkovic, Jakob"]
[Black "Branovacki, Goran T"]
[Result "1-0"]
[WhiteElo "1992"]
[BlackElo "1928"]
[PlyCount "61"]
[EventDate "2014.01.31"]
[EventType "swiss"]
[EventRounds "9"]
[EventCountry "SLO"]
[SourceTitle "CBM 158 Extra"]
[Source "ChessBase"]
[SourceDate "2014.02.28"]
[SourceVersion "1"]
[SourceVersionDate "2014.02.28"]
[SourceQuality "1"]

1. e4 e5 2. Nf3 Nc6 3. Bc4 Bc5 4. 0-0 Nf6 5. d3 h6 6. Nbd2 d6 7. c3 0-0 8. Re1 a6 9. Bb3 Ne7 10. d4 Ba7 11. h3 Ng6 12. Nf1 Re8 13. Ng3 b5 14. Be3 exd4 15. Bxd4 c5 16. Bxf6 Qxf6 17. Bd5 Rb8 18. a4 Bb6 19. axb5 axb5 20. Bc6 Rd8 21. Bxb5 Nf4 22. Bc4 Bc7 23. Ra7 Rb7 24. Rxb7 Bxb7 25. Nh2 d5 26. Ng4 Qb6 27. exd5 Nxd5 28. Qa4 Kf8 29. Qc2 Kg8 30. Nf5 Qg6 31. Bxd5 1-0

[Event "Belgrade Trophy 23rd"]
[Site "Obrenovac"]
[Date "2010.11.24"]
[Round "1"]
[White "Sorgic, Dragan"]
[Black "Branovacki, Goran T"]
[Result "1-0"]
[WhiteElo "2308"]
[BlackElo "1938"]
[PlyCount "49"]
[EventDate "2010.11.24"]
[EventType "swiss"]
[EventRounds "9"]
[EventCountry "YUG"]
[SourceTitle "CBM 139 Extra"]
[Source "ChessBase"]
[SourceDate "2011.01.05"]
[SourceVersion "1"]
[SourceVersionDate "2011.01.05"]
[SourceQuality "1"]

1. e4 e5 2. Nf3 Nc6 3. Bb5 a6 4. Ba4 Nf6 5. 0-0 Be7 6. Re1 b5 7. Bb3 0-0 8. d3 d6 9. c3 Bg4 10. Nbd2 Qc8 11. h3 Bd7 12. Nf1 h6 13. Ne3 Na5 14. Bc2 Nb7 15. d4 exd4 16. cxd4 c5 17. e5 Ne8 18. Nd5 Bd8 19. Qd3 f5 20. exf6 Nxf6 21. Nxf6+ Rxf6 22. Qh7+ Kf7 23. Nh4 Re6 24. Bg6+ Kf6 25. Bxh6 1-0

[Event "Belgrade op"]
[Site "Belgrade"]
[Date "2009.12.02"]
[Round "9"]
[White "Sablic, Branislav"]
[Black "Branovacki, Goran T"]
[Result "0-1"]
[WhiteElo "2070"]
[BlackElo "1924"]
[PlyCount "88"]
[EventDate "2009.11.24"]
[EventType "swiss"]
[EventRounds "9"]
[EventCountry "YUG"]
[SourceTitle "CBM 133 Extra"]
[Source "ChessBase"]
[SourceDate "2010.01.05"]
[SourceVersion "1"]
[SourceVersionDate "2010.01.05"]
[SourceQuality "1"]

1. Nf3 Nf6 2. d4 g6 3. Bf4 Bg7 4. h3 d6 5. e3 0-0 6. Be2 c5 7. c3 cxd4 8. exd4 Qb6 9. Qb3 Qc7 10. Nbd2 Re8 11. Bc4 e6 12. 0-0 Nc6 13. Bb5 Rd8 14. Rfe1 Qd7 15. Nc4 h6 16. Bxc6 bxc6 17. Qa3 Ne8 18. Rad1 Qe7 19. Nb6 axb6 20. Qxa8 Bb7 21. Qa4 Ra8 22. Qb3 Qd8 23. Nd2 Ba6 24. Nc4 Bb5 25. Rd2 d5 26. Ne5 Ba4 27. Qb4 Bf8 28. Nxf7 Kxf7 29. Qxf8+ Kxf8 30. Rxe6 Kf7 31. Rde2 Qd7 32. R6e3 g5 33. Be5 Bb5 34. Rf3+ Kg6 35. Ree3 Rxa2 36. Rf8 Ra7 37. Ref3 Qe6 38. h4 Be2 39. h5+ Kxh5 40. Rh3+ Kg6 41. f3 Rh7 42. f4 gxf4 43. Rxf4 h5 44. Re3 Bg4 0-1

[Event "Belgrade op"]
[Site "Belgrade"]
[Date "2009.11.29"]
[Round "6"]
[White "Branovacki, Goran T"]
[Black "Djurovic, Dusan"]
[Result "1-0"]
[WhiteElo "1924"]
[BlackElo "1703"]
[PlyCount "39"]
[EventDate "2009.11.24"]
[EventType "swiss"]
[EventRounds "9"]
[EventCountry "YUG"]
[SourceTitle "CBM 133 Extra"]
[Source "ChessBase"]
[SourceDate "2010.01.05"]
[SourceVersion "1"]
[SourceVersionDate "2010.01.05"]
[SourceQuality "1"]

1. e4 c5 2. Nf3 a6 3. c3 Nc6 4. d4 cxd4 5. cxd4 e6 6. Nc3 Bb4 7. a3 Bxc3+ 8. bxc3 h6 9. Bd3 d5 10. exd5 exd5 11. 0-0 Nf6 12. Bc2 Be6 13. Re1 Qc7 14. h3 Na5 15. Ne5 Rc8 16. Bd2 b5 17. f4 0-0 18. Qf3 Nc4 19. Nxc4 dxc4 20. Rxe6 1-0

[Event "Belgrade op"]
[Site "Belgrade"]
[Date "2009.11.27"]
[Round "4"]
[White "Branovacki, Goran T"]
[Black "Katic, Goran"]
[Result "0-1"]
[WhiteElo "1924"]
[BlackElo "2091"]
[PlyCount "54"]
[EventDate "2009.11.24"]
[EventType "swiss"]
[EventRounds "9"]
[EventCountry "YUG"]
[SourceTitle "CBM 133 Extra"]
[Source "ChessBase"]
[SourceDate "2010.01.05"]
[SourceVersion "1"]
[SourceVersionDate "2010.01.05"]
[SourceQuality "1"]

1. e4 c6 2. d4 d5 3. exd5 cxd5 4. Bd3 Nc6 5. Nf3 Bg4 6. c3 Qc7 7. 0-0 e6 8. Be3 Bd6 9. Nbd2 Bxh2+ 10. Kh1 Bd6 11. a3 Nge7 12. Qc2 Nf5 13. Rfe1 h5 14. c4 Nce7 15. c5 Bf4 16. Bb5+ Kf8 17. Bxf4 Qxf4 18. Be2 h4 19. Qd3 Ng3+ 20. Kg1 Nef5 21. Ne5 Nxe2+ 22. Rxe2 Bxe2 23. Qxe2 h3 24. g3 Nxd4 25. Qe1 Qf5 26. Rc1 f6 27. g4 Qxe5 0-1

[Event "Belgrade Trophy 21st"]
[Site "Obrenovac"]
[Date "2008.12.04"]
[Round "8"]
[White "Milosevic, Rade"]
[Black "Branovacki, Goran T"]
[Result "1-0"]
[WhiteElo "2150"]
[BlackElo "1930"]
[PlyCount "65"]
[EventDate "2008.11.27"]
[EventType "swiss"]
[EventRounds "9"]
[EventCountry "YUG"]
[SourceTitle "CBM 127 Extra"]
[Source "ChessBase"]
[SourceDate "2009.01.08"]
[SourceVersion "2"]
[SourceVersionDate "2009.01.28"]
[SourceQuality "1"]

1. Nf3 Nf6 2. c4 g6 3. Nc3 Bg7 4. g3 d6 5. Bg2 0-0 6. 0-0 c5 7. d4 cxd4 8. Nxd4 a6 9. b3 Qc7 10. Bb2 Nc6 11. Rc1 Bd7 12. Nd5 Qd8 13. Nxc6 Bxc6 14. Nxf6+ Bxf6 15. Bxf6 exf6 16. Qd4 Bxg2 17. Kxg2 Re8 18. Rc2 Re6 19. Rd1 Qc7 20. e3 a5 21. h4 Ra6 22. Rcd2 Kg7 23. Qf4 Qc5 24. Rd5 Qc6 25. h5 h6 26. hxg6 fxg6 27. Rh1 h5 28. g4 g5 29. Qd4 h4 30. f4 Kh7 31. fxg5 fxg5 32. Rf1 Ra8 33. Rf7+ 1-0

[Event "Belgrade Trophy 21st"]
[Site "Obrenovac"]
[Date "2008.12.02"]
[Round "6"]
[White "Zivanovic, Natalija"]
[Black "Branovacki, Goran T"]
[Result "0-1"]
[WhiteElo "1594"]
[BlackElo "1930"]
[PlyCount "42"]
[EventDate "2008.11.27"]
[EventType "swiss"]
[EventRounds "9"]
[EventCountry "YUG"]
[SourceTitle "CBM 127 Extra"]
[Source "ChessBase"]
[SourceDate "2009.01.08"]
[SourceVersion "2"]
[SourceVersionDate "2009.01.28"]
[SourceQuality "1"]

1. d4 Nf6 2. c4 g6 3. Nf3 Bg7 4. Nc3 0-0 5. e4 d6 6. Bd3 Bg4 7. Be3 Nc6 8. d5 Ne5 9. Be2 Bxf3 10. gxf3 c6 11. Qd2 Re8 12. 0-0-0 cxd5 13. Nxd5 Rc8 14. Bxa7 Nxc4 15. Bxc4 Rxc4+ 16. Kb1 Nxd5 17. Qxd5 Rc6 18. Rc1 Qa8 19. Bd4 e6 20. Qb5 Bxd4 21. Rxc6 bxc6 0-1

[Event "Belgrade Trophy 21st"]
[Site "Obrenovac"]
[Date "2008.11.30"]
[Round "4"]
[White "Damjanovic, Lazar"]
[Black "Branovacki, Goran T"]
[Result "1-0"]
[WhiteElo "2166"]
[BlackElo "1930"]
[PlyCount "71"]
[EventDate "2008.11.27"]
[EventType "swiss"]
[EventRounds "9"]
[EventCountry "YUG"]
[SourceTitle "CBM 127 Extra"]
[Source "ChessBase"]
[SourceDate "2009.01.08"]
[SourceVersion "2"]
[SourceVersionDate "2009.01.28"]
[SourceQuality "1"]

1. e4 e5 2. Nf3 Nc6 3. Bb5 a6 4. Ba4 Nf6 5. 0-0 Be7 6. Qe2 b5 7. Bb3 0-0 8. c3 d6 9. Rd1 Bg4 10. h3 Bd7 11. d4 exd4 12. cxd4 h6 13. e5 Nh7 14. Nc3 Ng5 15. Bxg5 Bxg5 16. Ne4 Be7 17. Rac1 Na5 18. Bc2 Kh8 19. Bb1 Bf5 20. Qd2 Nc4 21. Qf4 Bh7 22. b3 Nb6 23. Ng3 Bxb1 24. Rxb1 Nd5 25. Qd2 b4 26. Rbc1 Nc3 27. Re1 dxe5 28. Rxe5 c5 29. Rh5 Kg8 30. Nf5 Bg5 31. Nxg5 hxg5 32. Rxg5 g6 33. Rh5 Ne2+ 34. Kh1 f6 35. Rh8+ Kf7 36. Rh7+ 1-0